000 01128nam a2200301 a 4500
001 000113821
003 CHAP
005 20240516143010.0
008 170928s2006 sp |r| ||||||spa d
010 _a110282
011 _a111254
020 _a8487440363 (AMV Ediciones)
_a84-8476-272-6 (Mundi-Prensa)
040 _cCHAP
082 0 4 _a665
_bA17
245 0 4 _aLos aceites y grasas :
_bcomposición y propiedades /
_ceditado por Enrique Graciani Constante.
260 _aMadrid :
_bAMV :
_bMundi-Prensa,
_c2006.
300 _avii, 316 p.
_e+1 CD (4 3/4 plg.)
500 _aEl CD contiene: 1. Esquema de un programa informátivo para aplicar las constantes termodinámicas de formación de los ácidos grasos trans, a casos prácticos. 2. Lista de ácidos grasos. 3. Tesauro de palabras clave
590 _aE11695DGD
_b10
_c20170929
590 _aE11695DGD
_b10
_c20180110
590 _aE11695DGD
_b10
_c20180110
590 _aE5765TAJ
_b05
_c20170928
650 1 4 _aGrasas y aceites
_xAnálisis.
_9153869
700 1 _aGraciani Constante, Enrique
_eed.
_9133505
901 _aBK
942 _cLIBRO
_2ddc
942 _n0
_2ddc
999 _c110282
_d110282